00495nam a22001577a 450000500170000001000150001702000260003203500140005803700130007208200110008510000210009624501110011726000400022827000480026830000210031620200213144353.0 aENG-127733 c150.00a9789388927437 aEN-111265 bDBAD/PUB a883.08 aSarvaiya,Priyaba aComparative study of Regionalism in the works of R.K. Narayan and zaverchand Meghani/cby Priyaba Sarvaiya aAhmedabadc2019bVedant Publication aRajkot, Ahmedabad, Surate360001bAhmedabad a154p.b21cm(pbk)